[Event "Mittelfrank Regionalliga Sud-Ost 2122"]
[Site "Mittelfranken"]
[Date "2022.05.15"]
[Round "5.7"]
[White "Shen, Tingrui"]
[Black "Weber, Lukas"]
[Result "1-0"]
[WhiteElo "1832"]
[BlackElo "1609"]
[PlyCount "27"]
[EventDate "2021.10.24"]
[EventType "team-tourn"]
[EventRounds "9"]
[EventCountry "GER"]
[SourceTitle "EXT 2024"]
[Source "ChessBase"]
[SourceDate "2023.10.10"]
[SourceVersion "1"]
[SourceVersionDate "2023.10.10"]
[SourceQuality "1"]
[WhiteTeam "Tegernsee"]
[BlackTeam "Ingolstadt"]
[WhiteTeamCountry "GER"]
[BlackTeamCountry "GER"]

1. e4 c5 2. Nc3 e6 3. Nge2 Nc6 4. d4 cxd4 5. Nxd4 Qc7 6. Be3 Bb4 7. Ndb5 Bxc3+ 8. bxc3 Qe5 9. Qf3 Ke7 10. Bf4 Qf6 11. e5 Qf5 12. Qe3 a6 13. Qc5+ Ke8 14. Nd6+ 1-0

[Event "Mittelfrank Regionalliga Sud-Ost 2122"]
[Site "Mittelfranken"]
[Date "2022.04.03"]
[Round "7.7"]
[White "Weber, Lukas"]
[Black "Schwabeneder, Markus"]
[Result "1/2-1/2"]
[WhiteElo "1609"]
[BlackElo "1905"]
[PlyCount "32"]
[EventDate "2021.10.24"]
[EventType "team-tourn"]
[EventRounds "9"]
[EventCountry "GER"]
[SourceTitle "EXT 2024"]
[Source "ChessBase"]
[SourceDate "2023.10.10"]
[SourceVersion "1"]
[SourceVersionDate "2023.10.10"]
[SourceQuality "1"]
[WhiteTeam "Ingolstadt"]
[BlackTeam "Passau II"]
[WhiteTeamCountry "GER"]
[BlackTeamCountry "GER"]

1. e4 e6 2. d4 d5 3. exd5 exd5 4. Bd3 Nc6 5. c3 Bd6 6. Nf3 Nge7 7. 0-0 Bg4 8. Nbd2 Qd7 9. Re1 0-0 10. Qc2 h6 11. Ne5 Nxe5 12. dxe5 Bc5 13. Nb3 Bb6 14. Be3 Bxe3 15. Rxe3 Nf5 16. Ree1 Ne7 1/2-1/2